[Event "4th Novi Sad it"]
[Site "Novi Sad"]
[Date "1975.10.14"]
[EventDate "1975.10.05"]
[Round "9.2"]
[White "Fichtl, Jiri"]
[Black "Deze, Anton"]
[Result "1-0"]
[WhiteElo "2390"]
[BlackElo "2380"]
[PlyCount "123"]
[Source "Perpetual Check"]

1. e4 c5 2. Nf3 Nc6 3. d4 cxd4 4. Nxd4 Nf6 5. Nc3 d6 6. Bg5 e6 7. Qd2 a6 8.
O-O-O Bd7 9. f4 Be7 10. Kb1 b5 11. Bxf6 gxf6 12. Nxc6 Bxc6 13. Qe3 Qc7 14. Bd3
Qa7 15. Qh3 Qc5 16. Rhe1 b4 17. Ne2 a5 18. Nc1 a4 19. Qe3 Qxe3 20. Rxe3 Ra5 21.
Bc4 f5 22. Bd3 fxe4 23. Bxe4 Bxe4 24. Rxe4 d5 25. Re2 Bd6 26. Nd3 O-O 27. Rf1
d4 28. Re4 Rd5 29. h3 h5 30. g4 hxg4 31. hxg4 Kg7 32. Rh1 Rh8 33. Rxh8 Kxh8 34.
Kc1 Kg7 35. Kd2 Kf8 36. Ke2 Ke7 37. Kf3 Kd7 38. Re2 b3 39. axb3 axb3 40. cxb3
Rb5 41. Ke4 Rxb3 42. Kxd4 f6 43. Kc4 Rb8 44. b4 Rg8 45. Rg2 Ke7 46. g5 Kf7 47.
b5 Rc8+ 48. Kd4 Rb8 49. g6+ Kg7 50. Nc5 Re8 51. Nxe6+ Rxe6 52. Kd5 Re3 53. Kxd6
Re4 54. f5 Rd4+ 55. Kc6 Rc4+ 56. Kb7 Rc5 57. b6 Rxf5 58. Kc6 Rf1 59. Rb2 Rc1+
60. Kd7 Rd1+ 61. Ke6 Kxg6 62. b7 1-0

[Event "4th Novi Sad it"]
[Site "Novi Sad"]
[Date "1975.10.14"]
[EventDate "1975.10.05"]
[Round "9.3"]
[White "Ilijic, Milan"]
[Black "Tarjan, James Edward"]
[Result "0-1"]
[WhiteElo "2345"]
[BlackElo "2480"]
[PlyCount "112"]
[Source "Perpetual Check"]

1. c4 e5 2. g3 Nc6 3. Bg2 g6 4. Nc3 d6 5. a3 Be6 6. d3 Bg7 7. Nf3 h6 8. O-O f5
9. e4 fxe4 10. Nxe4 Nge7 11. b4 Qd7 12. b5 Nd8 13. Bb2 O-O 14. Qb3 Bg4 15. Nfd2
Ne6 16. f3 Bf5 17. Rae1 g5 18. Qd1 c6 19. a4 a6 20. Qb3 axb5 21. axb5 d5 22.
Nf2 Nd4 23. Bxd4 exd4 24. Re2 dxc4 25. Nxc4 Be6 26. Rfe1 Bxc4 27. Qxc4+ Nd5 28.
Re7 Qxe7 29. Rxe7 Ra1+ 30. Bf1 Kh8 31. Re2 Ne3 32. Rxe3 dxe3 33. Kg2 cxb5 34.
Qc5 exf2 35. Qxf2 b4 36. Qb6 Rb1 37. d4 g4 38. Bd3 gxf3+ 39. Kh3 f2 40. Qg6
f1=Q+ 41. Bxf1 Rfxf1 42. Qe8+ Rf8 43. Qe4 Rd1 44. Qxb7 Rxd4 45. Qb5 Rf2 46.
Qb8+ Kh7 47. Qb7 Re2 48. Qf7 Re5 49. Qb7 Rh5+ 50. Kg2 Rd2+ 51. Kf3 Rhd5 52. Kg4
R2d3 53. Qe7 R3d4+ 54. Kh3 b3 55. Qe2 b2 56. Qc2+ Kh8 0-1

[Event "4th Novi Sad it"]
[Site "Novi Sad"]
[Date "1975.10.14"]
[EventDate "1975.10.05"]
[Round "9.4"]
[White "Bojkovic, Slobodan"]
[Black "Baretic, Dragoljub"]
[Result "0-1"]
[WhiteElo "2450"]
[BlackElo "2305"]
[PlyCount "44"]
[Source "Perpetual Check"]

1. e4 e5 2. Nf3 Nc6 3. d4 exd4 4. Nxd4 Nf6 5. Nxc6 bxc6 6. e5 Qe7 7. Qe2 Nd5 8.
c4 Qb4+ 9. Nd2 Nf4 10. Qe4 Ne6 11. f4 Bb7 12. f5 c5 13. Qg4 Nd4 14. Bd3 O-O-O
15. O-O f6 16. exf6 gxf6 17. Be4 Bh6 18. Nb3 Bxc1 19. Bxb7+ Qxb7 20. Nxc1 Rhg8
21. Qh3 Rde8 22. Nd3 Re3 0-1

[Event "4th Novi Sad it"]
[Site "Novi Sad"]
[Date "1975.10.14"]
[EventDate "1975.10.05"]
[Round "9.5"]
[White "Notaros, Krasoje"]
[Black "Matulovic, Milan"]
[Result "1/2-1/2"]
[WhiteElo "2305"]
[BlackElo "2530"]
[PlyCount "35"]
[Source "Perpetual Check"]

1. Nf3 g6 2. e4 d6 3. d4 Nf6 4. Nc3 Bg7 5. Be2 O-O 6. O-O c6 7. a4 Nbd7 8. h3
e5 9. dxe5 dxe5 10. Be3 Qe7 11. Qd3 a5 12. Qc4 Re8 13. Rfd1 Bf8 14. Rd2 Nc5 15.
Rad1 Na6 16. Qb3 Qb4 17. Bc4 Qxb3 18. cxb3 1/2-1/2

[Event "4th Novi Sad it"]
[Site "Novi Sad"]
[Date "1975.10.14"]
[EventDate "1975.10.05"]
[Round "9.7"]
[White "Miles, Anthony John"]
[Black "Buljovcic, Ivan"]
[Result "1-0"]
[WhiteElo "2435"]
[BlackElo "2435"]
[PlyCount "80"]
[Source "Perpetual Check"]

1. d4 d5 2. c4 c6 3. Nf3 dxc4 4. e3 Bg4 5. Bxc4 e6 6. O-O Nf6 7. Nc3 Be7 8. b3
O-O 9. Bb2 Nbd7 10. Be2 Qa5 11. a3 c5 12. dxc5 Qxc5 13. b4 Qb6 14. h3 Bh5 15.
g4 Bg6 16. g5 Nd5 17. Nxd5 exd5 18. Qxd5 Rfd8 19. Bd4 Qc6 20. Qxc6 bxc6 21.
Rfc1 a5 22. b5 cxb5 23. Bxb5 Bh5 24. Nd2 Bxg5 25. Bxd7 Rxd7 26. Rc5 f5 27. Rxf5
h6 28. Nc4 Rf7 29. Rxa5 Raf8 30. f4 Be2 31. Ne5 Rf5 32. Ra7 Bf6 33. Nc6 Rh5 34.
Kf2 Bd3 35. Rd1 Be4 36. Rg1 Rf7 37. Bxf6 Bxc6 38. Rxg7+ Rxg7 39. Rxg7+ Kf8 40.
Kg3 Bd5 1-0

[Event "4th Novi Sad it"]
[Site "Novi Sad"]
[Date "1975.10.15"]
[EventDate "1975.10.05"]
[Round "10.2"]
[White "Buljovcic, Ivan"]
[Black "Garcia Gonzales, Guillermo"]
[Result "1/2-1/2"]
[WhiteElo "2435"]
[BlackElo "2485"]
[PlyCount "57"]
[Source "Perpetual Check"]

1. e4 c5 2. c3 e5 3. Nf3 Nc6 4. Bb5 Nf6 5. O-O Nxe4 6. Re1 Nd6 7. Nxe5 Be7 8.
Bf1 O-O 9. d3 Nf5 10. Bf4 Nxe5 11. Bxe5 d6 12. Bf4 Bg5 13. Bxg5 Qxg5 14. Nd2
Be6 15. Ne4 Qd8 16. Qd2 Qb6 17. Ng5 Rae8 18. a3 a5 19. Re2 Bd7 20. Rae1 h6 21.
Rxe8 Rxe8 22. Rxe8+ Bxe8 23. Ne4 d5 24. Ng3 Nxg3 25. hxg3 d4 26. cxd4 cxd4 27.
Be2 Bc6 28. Bf3 Bxf3 29. gxf3 1/2-1/2

[Event "4th Novi Sad it"]
[Site "Novi Sad"]
[Date "1975.10.15"]
[EventDate "1975.10.05"]
[Round "10.3"]
[White "Ivkov, Borislav"]
[Black "Miles, Anthony John"]
[Result "1/2-1/2"]
[WhiteElo "2550"]
[BlackElo "2435"]
[PlyCount "98"]
[Source "Perpetual Check"]

1. d4 Nf6 2. c4 c5 3. d5 b5 4. cxb5 a6 5. bxa6 Bxa6 6. Nc3 d6 7. Nf3 g6 8. g3
Bg7 9. Bg2 Nbd7 10. O-O O-O 11. Qc2 Qa5 12. Bd2 Rfb8 13. Rab1 Qc7 14. Rfc1 Bc4
15. b3 Bxd5 16. Nxd5 Nxd5 17. Ne1 e6 18. a4 Qa7 19. Nd3 Rc8 20. a5 Rab8 21. Qa2
Qa6 22. Qa4 Qb5 23. a6 Rb6 24. a7 Ra8 25. e4 Ne7 26. e5 d5 27. Be3 Qxa4 28.
bxa4 Rxb1 29. Rxb1 Rxa7 30. Nxc5 Bxe5 31. Nxe6 Rxa4 32. Nc5 Ra7 33. Nd3 Ra1 34.
Rxa1 Bxa1 35. Bc5 Nxc5 36. Nxc5 Kg7 37. Kf1 Kf6 38. Nd7+ Ke6 39. Nc5+ Kd6 40.
Nb7+ Ke5 41. Ke2 g5 42. Nc5 Nc6 43. f4+ gxf4 44. Nd3+ Kd4 45. Nxf4 Nb4 46. Bf3
Kc4 47. Bh5 f6 48. Bf7 Bb2 49. Bg8 h6 1/2-1/2

[Event "4th Novi Sad it"]
[Site "Novi Sad"]
[Date "1975.10.15"]
[EventDate "1975.10.05"]
[Round "10.4"]
[White "Matulovic, Milan"]
[Black "Balashov, Yury"]
[Result "1/2-1/2"]
[WhiteElo "2530"]
[BlackElo "2540"]
[PlyCount "52"]
[Source "Perpetual Check"]

1. e4 e5 2. Nf3 Nc6 3. Bb5 a6 4. Ba4 Nf6 5. O-O d6 6. c3 Be7 7. Re1 O-O 8. h3
Nd7 9. d4 Bf6 10. Be3 b5 11. Bc2 Nb6 12. dxe5 Nxe5 13. Nxe5 dxe5 14. Nd2 Be7
15. a4 Be6 16. axb5 axb5 17. Rxa8 Qxa8 18. Bxb6 cxb6 19. Bb3 Qc6 20. Nf3 Rd8
21. Qc2 f6 22. Rd1 Rxd1+ 23. Qxd1 Kf8 24. Bxe6 Qxe6 25. b4 Qc4 26. Qe1 Qd3
1/2-1/2

[Event "4th Novi Sad it"]
[Site "Novi Sad"]
[Date "1975.10.15"]
[EventDate "1975.10.05"]
[Round "10.5"]
[White "Baretic, Dragoljub"]
[Black "Notaros, Krasoje"]
[Result "1-0"]
[WhiteElo "2305"]
[BlackElo "2305"]
[PlyCount "81"]
[Source "Perpetual Check"]

1. e4 g6 2. d4 Bg7 3. Nc3 c6 4. Bc4 b5 5. Bb3 b4 6. Nce2 d5 7. Nf3 Bg4 8. Ne5
Bxe2 9. Qxe2 Nf6 10. exd5 Nxd5 11. O-O O-O 12. a3 Qb6 13. Qe4 e6 14. axb4 Qxb4
15. Ra4 Qb7 16. Ra3 Nd7 17. Nf3 a5 18. Bd2 N5f6 19. Qd3 c5 20. Rxa5 Rxa5 21.
Bxa5 cxd4 22. Nxd4 Nc5 23. Qc4 Nfe4 24. Re1 Rc8 25. Nb5 Nxb3 26. Qxb3 Rc5 27.
c4 Nd6 28. Qe3 Qc6 29. Nxd6 Rxa5 30. Qf4 Qc7 31. b4 Ra4 32. c5 Bc3 33. Rc1 Rxb4
34. Qf3 Bb2 35. Rb1 Qa7 36. g3 e5 37. Qd5 Rd4 38. Qb3 Rd2 39. Rxb2 Rxb2 40.
Qxb2 Qxc5 41. Qb8+ 1-0

[Event "4th Novi Sad it"]
[Site "Novi Sad"]
[Date "1975.10.15"]
[EventDate "1975.10.05"]
[Round "10.6"]
[White "Tarjan, James Edward"]
[Black "Bojkovic, Slobodan"]
[Result "1-0"]
[WhiteElo "2480"]
[BlackElo "2450"]
[PlyCount "83"]
[Source "Perpetual Check"]

1. d4 d5 2. c4 c6 3. e3 Nf6 4. Nc3 e6 5. Nf3 Nbd7 6. Bd3 dxc4 7. Bxc4 b5 8. Bd3
Bb7 9. O-O a6 10. e4 c5 11. d5 c4 12. dxe6 cxd3 13. exd7+ Qxd7 14. Ne5 Qd4 15.
Nf3 Qd7 16. Bg5 Be7 17. Re1 Rd8 18. e5 Ng4 19. Bxe7 Qxe7 20. h3 Nh6 21. Ne4 O-O
22. Nd6 Rxd6 23. exd6 Qxd6 24. Re3 Rd8 25. Ne5 Nf5 26. Rxd3 Nd4 27. Qh5 g6 28.
Qh4 f6 29. Rxd4 Qxd4 30. Qxf6 Qd5 31. f3 Rf8 32. Qe7 Qd4+ 33. Kh1 Bd5 34. Rc1
Bc4 35. Nxc4 bxc4 36. Qe6+ Kg7 37. Rxc4 Qxb2 38. Rc7+ Kh6 39. Qe7 Rf6 40. Qxh7+
Kg5 41. Qe7 Qd4 42. Rc6 1-0

[Event "4th Novi Sad it"]
[Site "Novi Sad"]
[Date "1975.10.15"]
[EventDate "1975.10.05"]
[Round "10.7"]
[White "Deze, Anton"]
[Black "Ilijic, Milan"]
[Result "0-1"]
[WhiteElo "2380"]
[BlackElo "2345"]
[PlyCount "93"]
[Source "Perpetual Check"]

1. d4 b5 2. e4 Bb7 3. Nd2 a6 4. Bd3 e6 5. Ngf3 c5 6. c3 Nf6 7. O-O Nc6 8. dxc5
Bxc5 9. e5 Ng4 10. Ne4 Qb6 11. Bf4 f5 12. exf6 Nxf6 13. Nxc5 Qxc5 14. Bc2 Nd5
15. Bg3 Nce7 16. Ne5 Nf6 17. Re1 Rd8 18. Ng4 Qg5 19. Nxf6+ gxf6 20. f4 Qc5+ 21.
Bf2 Qd5 22. Qxd5 Bxd5 23. a4 Rg8 24. g3 h5 25. axb5 axb5 26. Bd3 Rb8 27. Ba7
Rb7 28. Bd4 Kf7 29. Be2 Rh8 30. Ra5 Bc4 31. Bf3 Bd5 32. Kf2 Nc6 33. Ra3 b4 34.
Ra4 Bxf3 35. Kxf3 Rhb8 36. Rd1 d5 37. cxb4 Rxb4 38. Rxb4 Rxb4 39. Bc3 Rb5 40.
Ra1 d4 41. Be1 Rb3+ 42. Ke2 Rxb2+ 43. Kd3 Ke7 44. h3 Kd6 45. Ke4 Rb3 46. f5
Re3+ 47. Kf4 0-1

[Event "4th Novi Sad it"]
[Site "Novi Sad"]
[Date "1975.10.15"]
[EventDate "1975.10.05"]
[Round "10.8"]
[White "Romanishin, Oleg"]
[Black "Fichtl, Jiri"]
[Result "1-0"]
[WhiteElo "2485"]
[BlackElo "2390"]
[PlyCount "69"]
[Source "Perpetual Check"]

1. c4 e5 2. g3 g6 3. d4 exd4 4. Qxd4 Qf6 5. Qe3+ Qe7 6. Nc3 Qxe3 7. Bxe3 Bb4 8.
Bd4 f6 9. O-O-O Bxc3 10. Bxc3 d6 11. Nh3 Be6 12. b3 Nc6 13. Nf4 Bf7 14. h4 Ne5
15. Bh3 Nh6 16. f3 Ke7 17. g4 Rhd8 18. g5 Ng8 19. Nd5+ Bxd5 20. cxd5 Rf8 21. f4
Nf7 22. Be6 h5 23. Rd3 fxg5 24. hxg5 Nd8 25. Re3 Nxe6 26. Rxe6+ Kd7 27. Rxg6
Rxf4 28. Rxh5 Re8 29. Rg7+ Ne7 30. Bf6 Re4 31. Rhh7 Rxe2 32. g6 c6 33. Rxe7+
R8xe7 34. Bxe7 Rxe7 35. g7 1-0

[Event "4th Novi Sad it"]
[Site "Novi Sad"]
[Date "1975.10.17"]
[EventDate "1975.10.05"]
[Round "11.1"]
[White "Fichtl, Jiri"]
[Black "Vukic, Milan"]
[Result "0-1"]
[WhiteElo "2390"]
[BlackElo "2450"]
[PlyCount "124"]
[Source "Perpetual Check"]

1. e4 Nf6 2. Nc3 d5 3. e5 Nfd7 4. d4 c5 5. f4 cxd4 6. Nb5 e6 7. Nxd4 Nc6 8.
Ngf3 Be7 9. c3 Nc5 10. Bd3 Nxd3+ 11. Qxd3 g6 12. Be3 Bd7 13. O-O a6 14. b4 Nxd4
15. Nxd4 Rc8 16. Rfc1 Qc7 17. Nb3 Ba4 18. Nc5 Bb5 19. Qd2 Qc6 20. Bd4 Bc4 21.
Qe3 h5 22. Nb3 Bd8 23. Nd2 Bb5 24. Nf3 Be7 25. a3 Bc4 26. g3 Qa4 27. Qd2 Bb5
28. Qe3 Bc4 29. Qd2 Rc6 30. h3 Bb5 31. Qe3 Rc8 32. Qd2 Bc4 33. Qe3 Bb3 34. Qd2
Qc6 35. Qe3 Ba4 36. Nd2 Qb5 37. Kf2 Kd7 38. Rab1 Rc6 39. c4 dxc4 40. Ne4 Rc7
41. Bb6 Rcc8 42. Bc5 Rhd8 43. Qd4+ Ke8 44. Nd6+ Bxd6 45. exd6 Kd7 46. Qf6 b6
47. Qxf7+ Kc6 48. Qxe6 Kb7 49. Bd4 Qc6 50. Be5 Qe4 51. b5 Bxb5 52. Rxb5 axb5
53. Qe7+ Ka6 54. Rc3 Qf5 55. Qh4 Rd7 56. g4 hxg4 57. hxg4 Qe6 58. Qh3 g5 59.
Qf3 gxf4 60. Bxf4 Rf8 61. Re3 Qf6 62. g5 Qxf4 0-1

[Event "4th Novi Sad it"]
[Site "Novi Sad"]
[Date "1975.10.17"]
[EventDate "1975.10.05"]
[Round "11.2"]
[White "Ilijic, Milan"]
[Black "Romanishin, Oleg"]
[Result "0-1"]
[WhiteElo "2345"]
[BlackElo "2485"]
[PlyCount "74"]
[Source "Perpetual Check"]

1. c4 Nf6 2. g3 e5 3. Nc3 d5 4. cxd5 Nxd5 5. Bg2 Nb6 6. Nf3 Nc6 7. O-O Bg4 8.
h3 Be6 9. d3 Be7 10. b3 f5 11. Bb2 Bf6 12. Nd2 O-O 13. b4 Nxb4 14. Bxb7 Rb8 15.
Bg2 e4 16. dxe4 Nxa2 17. Qc2 Nb4 18. Qc1 Qe7 19. Rxa7 Bg5 20. Ncb1 Nc4 21. exf5
Bf7 22. Bd4 Nxd2 23. Nxd2 Qxe2 24. f4 Bf6 25. Nf3 Nd3 26. Qe3 Bxd4 27. Qxd4
Rfd8 28. Qa1 Rb2 29. Nh4 Bd5 30. Bxd5+ Rxd5 31. Ra8+ Kf7 32. Rf8+ Kxf8 33. Qa8+
Ke7 34. f6+ gxf6 35. Nf5+ Rxf5 36. Qa3+ Kf7 37. Qa8 Qh2# 0-1

[Event "4th Novi Sad it"]
[Site "Novi Sad"]
[Date "1975.10.17"]
[EventDate "1975.10.05"]
[Round "11.3"]
[White "Bojkovic, Slobodan"]
[Black "Deze, Anton"]
[Result "1-0"]
[WhiteElo "2450"]
[BlackElo "2380"]
[PlyCount "57"]
[Source "Perpetual Check"]

1. e4 c5 2. Nf3 Nc6 3. d4 cxd4 4. Nxd4 Nf6 5. Nc3 d6 6. Bg5 Bd7 7. Qd2 a6 8.
O-O-O e6 9. f4 Be7 10. Be2 O-O 11. Nf3 b5 12. e5 Ne8 13. exd6 Bxg5 14. fxg5 Rc8
15. Ne4 a5 16. Nd4 Nb4 17. a3 Nd5 18. Bxb5 a4 19. Ba6 Ra8 20. Be2 Qb6 21. c4 e5
22. c5 Rc8 23. Nc2 Qb7 24. Bf3 Bc6 25. Rhe1 Rb8 26. Nb4 Nf4 27. g3 Ne6 28. Nxc6
Nd4 29. Nxd4 1-0

[Event "4th Novi Sad it"]
[Site "Novi Sad"]
[Date "1975.10.17"]
[EventDate "1975.10.05"]
[Round "11.4"]
[White "Notaros, Krasoje"]
[Black "Tarjan, James Edward"]
[Result "1-0"]
[WhiteElo "2305"]
[BlackElo "2480"]
[PlyCount "91"]
[Source "Perpetual Check"]

1. e4 c5 2. Nf3 d6 3. Bb5+ Bd7 4. Bxd7+ Nxd7 5. O-O Ngf6 6. Qe2 e6 7. d4 cxd4
8. Nxd4 a6 9. c4 Rc8 10. b3 Be7 11. Bb2 O-O 12. Nc3 Re8 13. Rfd1 Qc7 14. Kh1 b6
15. Rac1 Qb7 16. Rc2 Bf8 17. Bc1 h6 18. f3 Qb8 19. Qf2 Rc7 20. Be3 Rec8 21.
Rdc1 Nc5 22. Qe2 Ncd7 23. Qf2 Kh7 24. g4 Kg8 25. h4 Ne5 26. Qf1 d5 27. g5 Nh5
28. Qg2 dxc4 29. gxh6 g6 30. Nce2 cxb3 31. Rxc7 Rxc7 32. axb3 Rxc1+ 33. Bxc1
Kh7 34. Bg5 Nd3 35. f4 Ndxf4 36. Nxf4 Nxf4 37. Qd2 Bxh6 38. Nf3 e5 39. Qd7 Bg7
40. Bxf4 exf4 41. Ng5+ Kh6 42. Nxf7+ Kh5 43. Kg2 g5 44. Qf5 Bh6 45. hxg5 Qg8
46. g6+ 1-0

[Event "4th Novi Sad it"]
[Site "Novi Sad"]
[Date "1975.10.17"]
[EventDate "1975.10.05"]
[Round "11.5"]
[White "Balashov, Yury"]
[Black "Baretic, Dragoljub"]
[Result "1/2-1/2"]
[WhiteElo "2540"]
[BlackElo "2305"]
[PlyCount "70"]
[Source "Perpetual Check"]

1. e4 e5 2. Nf3 Nf6 3. d4 exd4 4. e5 Ne4 5. Qxd4 d5 6. exd6 Nxd6 7. Bd3 Nc6 8.
Qf4 g6 9. O-O Bg7 10. Re1+ Be6 11. Nc3 O-O 12. Be3 Qf6 13. Ng5 Nd4 14. Qxf6
Bxf6 15. Nce4 Nxe4 16. Nxe4 Bg7 17. c3 Nf5 18. Bf4 Nd6 19. Nxd6 cxd6 20. Bc2 d5
21. Red1 Rfd8 22. Be3 b5 23. Bd4 Bxd4 24. Rxd4 a5 25. a3 Rdc8 26. Bb3 b4 27.
cxb4 axb4 28. a4 Rab8 29. Kf1 Rc5 30. Ke2 Kf8 31. Kd2 Ke7 32. a5 Rbb5 33. a6
Ra5 34. Rxa5 Rxa5 35. Rxb4 Rxa6 1/2-1/2

[Event "4th Novi Sad it"]
[Site "Novi Sad"]
[Date "1975.10.17"]
[EventDate "1975.10.05"]
[Round "11.6"]
[White "Miles, Anthony John"]
[Black "Matulovic, Milan"]
[Result "1/2-1/2"]
[WhiteElo "2435"]
[BlackElo "2530"]
[PlyCount "33"]
[Source "Perpetual Check"]

1. c4 g6 2. g3 Bg7 3. Bg2 c5 4. Nc3 Nc6 5. a3 e6 6. Rb1 a5 7. Nh3 Nge7 8. Nf4
O-O 9. O-O b6 10. b3 Bb7 11. Bb2 Rb8 12. e3 d6 13. Qe2 Na7 14. Bxb7 Rxb7 15.
Qf3 Rd7 16. Ne4 e5 17. Ne2 1/2-1/2

[Event "4th Novi Sad it"]
[Site "Novi Sad"]
[Date "1975.10.17"]
[EventDate "1975.10.05"]
[Round "11.7"]
[White "Garcia Gonzales, Guillermo"]
[Black "Ivkov, Borislav"]
[Result "1/2-1/2"]
[WhiteElo "2485"]
[BlackElo "2550"]
[PlyCount "20"]
[Source "Perpetual Check"]

1. c4 g6 2. Nf3 Bg7 3. d4 d6 4. Nc3 Nf6 5. e4 O-O 6. Be2 e5 7. O-O c6 8. dxe5
dxe5 9. Qxd8 Rxd8 10. h3 Nh5 1/2-1/2

[Event "4th Novi Sad it"]
[Site "Novi Sad"]
[Date "1975.10.18"]
[EventDate "1975.10.05"]
[Round "12.1"]
[White "Vukic, Milan"]
[Black "Buljovcic, Ivan"]
[Result "1-0"]
[WhiteElo "2450"]
[BlackElo "2435"]
[PlyCount "61"]
[Source "Perpetual Check"]

1. Nf3 d5 2. g3 c6 3. Bg2 Nf6 4. b3 Bf5 5. Bb2 e6 6. O-O Be7 7. d3 h6 8. Nbd2
O-O 9. Qe1 Bh7 10. e4 a5 11. a4 Nfd7 12. Qe2 Bf6 13. e5 Be7 14. Ne1 c5 15. f4
Nc6 16. Kh1 Qc7 17. c4 dxc4 18. bxc4 Rad8 19. Be4 Bxe4+ 20. Nxe4 Ndb8 21. g4
Nd4 22. Bxd4 cxd4 23. g5 hxg5 24. Qh5 Nd7 25. Nf3 Rfe8 26. Nexg5 Bxg5 27. Nxg5
Nf8 28. Rf3 Ng6 29. Rg1 Kf8 30. Nxf7 Qxf7 31. Rxg6 1-0

[Event "4th Novi Sad it"]
[Site "Novi Sad"]
[Date "1975.10.18"]
[EventDate "1975.10.05"]
[Round "12.3"]
[White "Matulovic, Milan"]
[Black "Garcia Gonzales, Guillermo"]
[Result "1/2-1/2"]
[WhiteElo "2530"]
[BlackElo "2485"]
[PlyCount "34"]
[Source "Perpetual Check"]

1. e4 c5 2. Nf3 e6 3. d4 cxd4 4. Nxd4 Nc6 5. Nb5 d6 6. c4 Nf6 7. N1c3 a6 8. Na3
Be7 9. Be2 O-O 10. O-O b6 11. Be3 Bb7 12. Qb3 Nd7 13. Rfd1 Rb8 14. Rac1 Nc5 15.
Qc2 Qe8 16. f3 f5 17. exf5 Rxf5 1/2-1/2

[Event "4th Novi Sad it"]
[Site "Novi Sad"]
[Date "1975.10.18"]
[EventDate "1975.10.05"]
[Round "12.4"]
[White "Baretic, Dragoljub"]
[Black "Miles, Anthony John"]
[Result "0-1"]
[WhiteElo "2305"]
[BlackElo "2435"]
[PlyCount "103"]
[Source "Perpetual Check"]

1. e4 c5 2. d4 cxd4 3. Nf3 d6 4. Qxd4 Bd7 5. Bg5 Nc6 6. Qd2 h6 7. Bh4 g5 8. Bg3
Bg7 9. Nc3 Qa5 10. Nd5 Qxd2+ 11. Nxd2 Rc8 12. c3 Nf6 13. Nxf6+ Bxf6 14. Be2 Kf8
15. O-O Kg7 16. Rfd1 Ne5 17. Bxe5 dxe5 18. Nf1 Ba4 19. b3 Be8 20. c4 e6 21. a3
Be7 22. b4 b6 23. b5 h5 24. Ne3 Bc5 25. a4 Bd4 26. Ra2 Rc7 27. a5 Bd7 28. Nc2
Bc5 29. Ne1 Kg6 30. Nd3 Bd4 31. Nb4 Rhc8 32. axb6 axb6 33. Nc2 Bc5 34. Kf1 g4
35. h3 Kg5 36. g3 gxh3 37. Ne1 f5 38. Rad2 Be8 39. exf5 Kxf5 40. Kg1 e4 41. Bf1
e3 42. fxe3 Bxe3+ 43. Kh2 Bxd2 44. Rxd2 Kf6 45. Nf3 Ke7 46. Ne5 Rc5 47. Nf3 Rd8
48. Ra2 Bg6 49. Kxh3 Bd3 50. Bxd3 Rxd3 51. Kg2 Rf5 52. Nh4 0-1

[Event "4th Novi Sad it"]
[Site "Novi Sad"]
[Date "1975.10.18"]
[EventDate "1975.10.05"]
[Round "12.5"]
[White "Tarjan, James Edward"]
[Black "Balashov, Yury"]
[Result "1/2-1/2"]
[WhiteElo "2480"]
[BlackElo "2540"]
[PlyCount "66"]
[Source "Perpetual Check"]

1. c4 g6 2. d4 Nf6 3. Nc3 Bg7 4. e4 d6 5. Be2 O-O 6. Bg5 h6 7. Be3 e5 8. d5 c6
9. g4 Qa5 10. f3 cxd5 11. cxd5 h5 12. g5 Ne8 13. h4 Na6 14. a3 Bd7 15. Bf1 Rc8
16. Bh3 f5 17. Nge2 Rf7 18. O-O Qd8 19. exf5 gxf5 20. f4 Rc4 21. Qb3 b5 22.
Nxb5 Re4 23. a4 Nc5 24. Bxc5 dxc5 25. Qf3 Bxb5 26. axb5 Qxd5 27. Rad1 Qc4 28.
Rd8 Qxe2 29. Rxe8+ Rf8 30. Rxf8+ Kxf8 31. Bxf5 Qxf3 32. Rxf3 Rxf4 33. Kg2 Rxh4
1/2-1/2

[Event "4th Novi Sad it"]
[Site "Novi Sad"]
[Date "1975.10.18"]
[EventDate "1975.10.05"]
[Round "12.6"]
[White "Deze, Anton"]
[Black "Notaros, Krasoje"]
[Result "1/2-1/2"]
[WhiteElo "2380"]
[BlackElo "2305"]
[PlyCount "40"]
[Source "Perpetual Check"]

1. c4 f5 2. Nf3 Nf6 3. g3 e6 4. Bg2 Be7 5. O-O O-O 6. d3 d6 7. Nc3 Nc6 8. e4 e5
9. h3 Qe8 10. exf5 Bxf5 11. d4 Qh5 12. dxe5 dxe5 13. Nh4 Qxd1 14. Rxd1 Be6 15.
Nd5 Bd8 16. Be3 a5 17. b3 Re8 18. Nf3 Bxd5 19. cxd5 Nb4 20. Ne1 e4 1/2-1/2

[Event "4th Novi Sad it"]
[Site "Novi Sad"]
[Date "1975.10.18"]
[EventDate "1975.10.05"]
[Round "12.7"]
[White "Romanishin, Oleg"]
[Black "Bojkovic, Slobodan"]
[Result "1/2-1/2"]
[WhiteElo "2485"]
[BlackElo "2450"]
[PlyCount "29"]
[Source "Perpetual Check"]

1. c4 c6 2. Nf3 d5 3. g3 Nf6 4. Bg2 g6 5. O-O Bg7 6. d4 O-O 7. Ne5 Be6 8. cxd5
Bxd5 9. Nf3 Ne4 10. Qc2 c5 11. dxc5 Na6 12. Be3 Rc8 13. Nbd2 Nexc5 14. Rac1 b6
15. Qb1 1/2-1/2

[Event "4th Novi Sad it"]
[Site "Novi Sad"]
[Date "1975.10.18"]
[EventDate "1975.10.05"]
[Round "12.8"]
[White "Fichtl, Jiri"]
[Black "Ilijic, Milan"]
[Result "1-0"]
[WhiteElo "2390"]
[BlackElo "2345"]
[PlyCount "57"]
[Source "Perpetual Check"]

1. e4 d6 2. d4 Nf6 3. Nc3 g6 4. f4 Bg7 5. Nf3 O-O 6. Bd3 Na6 7. e5 Nd7 8. Ne4
c5 9. Nfg5 Nc7 10. O-O cxd4 11. exd6 Nd5 12. dxe7 Qxe7 13. Bd2 Nc5 14. Nxc5
Qxc5 15. Qf3 Nb4 16. Bxb4 Qxb4 17. f5 Qc5 18. b4 Qe5 19. Rae1 Qf6 20. Nxh7 Kxh7
21. fxg6+ Kg8 22. Qh5 fxg6 23. Bxg6 Qxf1+ 24. Rxf1 Rxf1+ 25. Kxf1 Be6 26. Bh7+
Kf8 27. Qf3+ Ke8 28. Qe4 Kf7 29. Qxb7+ 1-0

[Event "4th Novi Sad it"]
[Site "Novi Sad"]
[Date "1975.10.19"]
[EventDate "1975.10.05"]
[Round "13.1"]
[White "Ilijic, Milan"]
[Black "Vukic, Milan"]
[Result "1-0"]
[WhiteElo "2345"]
[BlackElo "2450"]
[PlyCount "75"]
[Source "Perpetual Check"]

1. c4 e5 2. g3 Nf6 3. Bg2 d5 4. cxd5 Nxd5 5. Nc3 Nb6 6. Nf3 Nc6 7. O-O Bg4 8.
h3 Be6 9. d3 Be7 10. a3 a5 11. Be3 f5 12. Na4 O-O 13. Nc5 Bxc5 14. Bxc5 Re8 15.
b4 Nd5 16. b5 Na7 17. a4 b6 18. Ba3 Bf7 19. Bb2 Qd6 20. Ng5 Rad8 21. Nxf7 Kxf7
22. Qb3 Re6 23. Rac1 c5 24. bxc6 Nxc6 25. Rc4 Ndb4 26. f4 Nd4 27. Qd1 Kg8 28.
Kh2 Nxe2 29. Qxe2 exf4 30. Qh5 fxg3+ 31. Kh1 g6 32. Qg5 Rde8 33. Rd4 Qe7 34.
Qxg3 Re3 35. Qf4 Re2 36. Bc3 Rd8 37. Bf3 Rc8 38. Rc4 1-0

[Event "4th Novi Sad it"]
[Site "Novi Sad"]
[Date "1975.10.19"]
[EventDate "1975.10.05"]
[Round "13.2"]
[White "Bojkovic, Slobodan"]
[Black "Fichtl, Jiri"]
[Result "1-0"]
[WhiteElo "2450"]
[BlackElo "2390"]
[PlyCount "63"]
[Source "Perpetual Check"]

1. e4 e6 2. d4 d5 3. Nd2 Nf6 4. e5 Nfd7 5. c3 c5 6. Bd3 Nc6 7. Ne2 Qb6 8. Nf3
cxd4 9. cxd4 Bb4+ 10. Kf1 Be7 11. a3 a5 12. b3 Ndb8 13. h4 Bd7 14. Rh3 Na6 15.
Rg3 g6 16. Ng5 Nd8 17. h5 h6 18. Nxf7 Nxf7 19. Bxg6 Bg5 20. Rf3 Rf8 21. Qc2
Bxc1 22. Bxf7+ Ke7 23. Qh7 Kd8 24. Rxc1 Rc8 25. Qg7 Rxc1+ 26. Nxc1 Rxf7 27.
Rxf7 Be8 28. Qf8 Nc7 29. Nd3 Kc8 30. Rxc7+ Kxc7 31. Qe7+ Bd7 32. Nc5 1-0

[Event "4th Novi Sad it"]
[Site "Novi Sad"]
[Date "1975.10.19"]
[EventDate "1975.10.05"]
[Round "13.3"]
[White "Notaros, Krasoje"]
[Black "Romanishin, Oleg"]
[Result "0-1"]
[WhiteElo "2305"]
[BlackElo "2485"]
[PlyCount "48"]
[Source "Perpetual Check"]

1. Nf3 Nf6 2. g3 b5 3. Bg2 d5 4. d4 e6 5. O-O c5 6. b3 Bb7 7. dxc5 Bxc5 8. Bb2
Nbd7 9. Nbd2 O-O 10. c4 Rc8 11. cxb5 Qb6 12. a4 a6 13. bxa6 Bxa6 14. h3 Rfd8
15. Ne1 Nh5 16. a5 Qa7 17. e3 Nhf6 18. Nc2 Bd3 19. b4 Be7 20. Bd4 Qc7 21. Ne1
Bxf1 22. Bxf1 Bxb4 23. Nb3 e5 24. Rc1 Qb8 0-1